Recenzujeme Dušan Holý: Mudrosloví primáše Jožky Kubíka

Bibliographic Details
Main Author: Burlasová, Soňa, 1927-2021 (Author)
Format: Article
Language:Slovak
Subjects:

MARC

LEADER 00000nab a2200000 a 4500
001 vtls000232056
003 SK-MaSNL
005 20260420091557.0
008 250422c1985 xo 0 slo
015 |a SNBRB19rr/mm-uuuuu 
035 |a CL0242170 
035 |a urn:nbn:sk:snk-ab1tow 
035 |a (urnnbn)urn:nbn:sk:snk:ar-a00x4k 
035 |a (uuid)59c7af71-2681-4074-8674-393e7c217751 
040 |a SNKBUCL  |b slo  |c SNKBUCL  |e AACR2 
041 0 |a slo 
044 |a xo  |c SK 
080 |a 78.071.2:784.4  |2 1981 
080 |a 784.4  |2 1981 
080 |a 929 Kubík, Jožka  |2 1981 
100 1 |a Burlasová, Soňa,  |d 1927-2021  |4 aut  |9 5038 
245 1 0 |a Recenzujeme  |b Dušan Holý: Mudrosloví primáše Jožky Kubíka  |c Soňa Burlasová 
600 1 7 |a Kubík, Jožka,  |d 1907-1978  |2 snkbucl  |9 1583919 
655 7 |a články z novín a časopisov  |2 snkbucl  |9 267496 
773 0 |t Hudobný život  |g Roč. 17, č. 22 (1985), s. 4 
787 0 8 |i Rec.:  |a Holý, Dušan  |t Mudrosloví primáše Jožky Kubíka  |d Praha : Supraphon, 1984 
850 |a Slovenská národná knižnica 
852 |a Slovenská národná knižnica 
954 |a odborná, vedecká literatúra pôvodná (slovenská)  |2 lita 
958 |a article27 
958 |a OND 
958 |a RK 
958 |a CZ 
958 |a EUIPO 
992 |a RBX 
999 |c 2734757  |d 2736687